Tài trí Việt Nam
Nội dung cuốn sách giới thiệu 26 chân dung tài trí Việt Nam.
保存先:
| フォーマット: | 図書 |
|---|---|
| 言語: | Undetermined |
| 出版事項: |
Thành phố Hồ Chí Minh
Thanh Niên
1999
|
| 主題: | |
| タグ: |
タグ追加
タグなし, このレコードへの初めてのタグを付けませんか!
|
| Thư viện lưu trữ: | Trung tâm Học liệu Trường Đại học Cần Thơ |
|---|
| LEADER | 00603nam a2200193Ia 4500 | ||
|---|---|---|---|
| 001 | CTU_35841 | ||
| 008 | 210402s9999 xx 000 0 und d | ||
| 020 | |c 47000 | ||
| 082 | |a 809.3081 | ||
| 082 | |b T103 | ||
| 245 | 0 | |a Tài trí Việt Nam | |
| 260 | |a Thành phố Hồ Chí Minh | ||
| 260 | |b Thanh Niên | ||
| 260 | |c 1999 | ||
| 520 | |a Nội dung cuốn sách giới thiệu 26 chân dung tài trí Việt Nam. | ||
| 650 | |a Vietnamese literature | ||
| 650 | |y 20th century | ||
| 904 | |i Q. Hiếu (sửa) | ||
| 980 | |a Trung tâm Học liệu Trường Đại học Cần Thơ | ||